000 00559nam a2200169 i 4500
001 43871
003 ES-MaACL
007 t|
008 030320s1981 sp ||||1| spa d
100 1 _aCavalli-Sforza, L. Luca.
_937153
245 1 0 _aGenética de las poblaciones humanas /
_cL. Luca Cavalli-Sforza, W. F. Bodmer ; [traducido por Lluis Serra Camó].
260 _aBarcelona :
_bOmega,
_c[1981]
300 _aXII, 942 p. :
_bil. ;
_c26 cm.
700 1 _aBodmer, W. F.
_929715
700 1 _aSerra Camó, Lluis.
_9105624
852 _aES-MaACL
_jL-6715
_bR.107801
999 _c43871
_d43871